| Tag |
First Indicator |
Second Indicator |
Subfields |
| LEADER |
00000cam a2200000 a 4500 |
| 001 |
in00003774541 |
| 005 |
20170927140217.0 |
| 008 |
061024s2008 njuao d 001 0 eng d |
| 010 |
|
|
|a 2006937268
|
| 020 |
|
|
|a 9781580113496
|q (pbk.)
|
| 020 |
|
|
|a 1580113494
|q (pbk.)
|
| 035 |
|
|
|a (OCoLC)ocn176971404
|
| 035 |
|
|
|a (OCoLC)176971404
|
| 040 |
|
|
|a BTCTA
|b eng
|c BTCTA
|d DLC
|d BAKER
|d OEI
|d VP@
|d SINLB
|d QS4
|d BDX
|d OCLCO
|d OCLCF
|d OCLCQ
|d TXA
|d UtOrBLW
|
| 042 |
|
|
|a lccopycat
|
| 049 |
|
|
|a TXAM
|
| 050 |
0 |
0 |
|a NK2117.K5
|b P76 2008
|
| 082 |
0 |
4 |
|a 747.8893
|2 22
|
| 100 |
1 |
|
|a Provey, Joe.
|0 http://id.loc.gov/authorities/names/n99019849
|
| 245 |
1 |
0 |
|a Outdoor kitchens :
|b ideas for planning, designing, and entertaining /
|c Joseph R. Provey ; Owen Lockwood.
|
| 250 |
|
|
|a 1st ed.
|
| 264 |
|
1 |
|a Upper Saddle River, N.J. :
|b Creative Homeowner,
|c [2008]
|
| 264 |
|
4 |
|c ©2008
|
| 300 |
|
|
|a 223 pages :
|b color illustrations ;
|c 28 cm
|
| 336 |
|
|
|a text
|b txt
|2 rdacontent
|
| 337 |
|
|
|a unmediated
|b n
|2 rdamedia
|
| 338 |
|
|
|a volume
|b nc
|2 rdacarrier
|
| 500 |
|
|
|a Includes index.
|
| 500 |
|
|
|a CH #277571.
|
| 650 |
|
0 |
|a Kitchens
|x Designs and plans.
|
| 650 |
|
0 |
|a Outdoor living spaces.
|0 http://id.loc.gov/authorities/subjects/sh99000753
|
| 650 |
|
0 |
|a Outdoor furniture.
|0 http://id.loc.gov/authorities/subjects/sh85096142
|
| 650 |
|
7 |
|a Kitchens.
|2 fast
|0 (OCoLC)fst00987926
|
| 650 |
|
7 |
|a Outdoor furniture.
|2 fast
|0 (OCoLC)fst01049134
|
| 650 |
|
7 |
|a Outdoor living spaces.
|2 fast
|0 (OCoLC)fst01049152
|
| 655 |
|
7 |
|a Designs and plans.
|2 fast
|0 (OCoLC)fst01423771
|
| 700 |
1 |
|
|a Lockwood, Owen.
|0 http://id.loc.gov/authorities/names/no2001016549
|
| 994 |
|
|
|a C0
|b TXA
|
| 948 |
|
|
|a cataloged
|b h
|c 2016/6/21
|d c
|e jlanham
|f 9:53:29 am
|
| 999 |
f |
f |
|s 4e47cd56-f7d0-318e-94f7-2f7d1f2f1c42
|i 6157ea59-593a-3679-bdcd-e3dcff221340
|t 0
|
| 952 |
f |
f |
|p normal
|a Texas A&M University
|b College Station
|c Sterling C. Evans Library
|d Evans: Library Stacks
|t 0
|e NK2117.K5 P76 2008
|h Library of Congress classification
|i unmediated -- volume
|m A14850225526
|
| 998 |
f |
f |
|a NK2117.K5 P76 2008
|t 0
|l Evans: Library Stacks
|